Vertebrates: comparative anatomy, function, evolution (Record no. 36876)

MARC details
000 -LEADER
fixed length control field 00560nam a2200193Ia 4500
020 ## - INTERNATIONAL STANDARD BOOK NUMBER
ISBN 9781259253751
050 ## - CALL MARK
Classification number QL 805 .K35/
100 ## - STATEMENT OF RESPONSIBILITY--MAIN AUTHOR NAME
Personal name Kardong, Kenneth V.
245 #0 - TITLE STATEMENT
Title Vertebrates: comparative anatomy, function, evolution
250 ## - EDITION / VOLUME STATEMENT
Edition / Volume statement 7th ed.
260 ## - PUBLICATION, DISTRIBUTION, ETC. (IMPRINT)
Place of publication New York
260 ## - PUBLICATION, DISTRIBUTION, ETC. (IMPRINT)
Name of publisher McGraw Hill Education
260 ## - PUBLICATION, DISTRIBUTION, ETC. (IMPRINT)
Year of publication 2015
300 ## - PHYSICAL DESCRIPTION
Number of Pages 795 p
650 ## - SUBJECT ADDED ENTRY--TOPICAL TERM
Topical Term Vertebrates--Anatomy. Vertebrates--Physiology. Anatomy, Comparative. Vertebrates--Evolution.
942 ## - ADDED ENTRY ELEMENTS (KOHA)
Koha item type Books
Holdings
Withdrawn status Lost status Source of classification or shelving scheme Damaged status Not for loan Permanent Location Current Location Shelving location Date acquired Accession Number Price effective from Koha item type
    Library of Congress Classification     NILE UNIVERSITY OF NIGERIA - MAIN LIBRARY NILE UNIVERSITY OF NIGERIA - MAIN LIBRARY Items on shelf 04/23/2025 0185460 04/23/2025 Books